000 02103nam a2200337 a 4500
001 BRCA_3209
005 20190320204150.0
008 260209s1755----enka---###---#000-0#eng-#
041 _aeng
044 _aenk
084 _a510
_b.M55
_c1755
100 1 _aCervantes Saavedra, Miguel de
_d1547-1616
_9213
245 1 0 _aThe History and Adventures of the Renowned Don Quixote
_cTranslated fron the Spanish of Miguel de Cervantes Saavedra.
260 _aLondres
_bA. Millar
_c1755
300 _a2 v.
_bil.
_c30 cm.
500 _aContenido : v.1. Primera parte. Vida de Cervantes por Smollett. Nota del traductor. Prólogo del autor. -- v.2. Segunda parte. Prólogo del autor. Preliminares de la edición príncipe
500 _aEdición : To wich is Prefixed, some Accound of the Author´s Life by T. Smollett. Illustrated with 28 new Copper-Plates, Designed by Hayman and Engraved by the Best Artists
500 _aTraducción de Smollett, basada en la versión de Jarvis, a la que tras muchas enmiendas y correcciones transforma de modo tan notable, que la deja casi completamente desconocida. También muchas notas son resumen de las de Jarvis. Va ilustrada con láminas, obra del célebre dibujante Hayman, con los defectos usuales en los ilustradores extranjeros: Don Quijote y Sancho Panza son más ingleses que españoles. Suprime, así mismo las dos dedicatorias cervantinas, pero añade una biografía de Cervantes que no aporta nada nuevo. Hermosa edición lujosamente impresa con bellos tipos y excelente papel. Piel Lúdovik Osterc
500 _aEstado físico : Encuadernación desprendida
500 _aCon ex-libris de : T. D. Bland Esq.
500 _aErrata al final del volumen 2
500 _aQM413
546 _aTexto en : inglés
650 1 4 _aNovela española
_yÉpoca clásica, 1500-1700
_9215
650 1 4 _aLiteratura española
_yÉpoca clásica, 1500-1700
_9216
650 1 4 _aNovela española
_ySiglo XVII
_9217
650 1 4 _aDon Quijote (Personaje ficticio)
_eNovela
_9218
740 0 _aEl Ingenioso Hidalgo Don Quijote de la Mancha
902 _aQFM
942 _2lcc
_cB
999 _c2945
_d2945